Electron beam radiation pre-treatment: A technique to improve rubber product quality and increase productivity (Record no. 58527)

MARC details
000 -LEADER
fixed length control field 00522nam a2200145Ia 4500
100 ## - MAIN ENTRY--AUTHOR NAME
Personal name Kumar A
245 #0 - TITLE STATEMENT
Title Electron beam radiation pre-treatment: A technique to improve rubber product quality and increase productivity
260 ## - PUBLICATION, DISTRIBUTION, ETC. (IMPRINT)
Name of publisher Proceedings of the Asia Rub Tech Expo, 23-25 November 2006, Indian Rubber Institute, Kochi. pp.57-58.
650 ## - SUBJECT ADDED ENTRY--TOPICAL TERM
Topical Term Electron beam radiation
700 ## - ADDED ENTRY--PERSONAL NAME
Personal name Chakraborty S K
700 ## - ADDED ENTRY--PERSONAL NAME
Personal name Das G P K
700 ## - ADDED ENTRY--PERSONAL NAME
Personal name Sarma K S S
942 ## - ADDED ENTRY ELEMENTS (KOHA)
Koha item type Journals
Holdings
Withdrawn status Lost status Damaged status Not for loan Home library Current library Shelving location Date acquired Koha item type
      Journals RRII Library RRII Library Rubber chemistry 18/09/2006 Journals